| 000 | 00779nam a22002417a 4500 | ||
|---|---|---|---|
| 001 | 9597 | ||
| 003 | FISKH | ||
| 005 | 20260126084953.0 | ||
| 008 | 260126b cb ||||| |||| 00| 0 eng d | ||
| 020 | _a9780099800200 | ||
| 040 |
_aFISKH _beng _cFISKH _dFISKH |
||
| 050 | _aPS3572 .O5 | ||
| 082 | _a813.087621 | ||
| 100 |
_aVonnegut, Kurt _eAuthor |
||
| 245 |
_aSlaughterhouse-five / _cKurt Vonnegut, JR. |
||
| 260 |
_aLondon : _bVintage , _c2000 |
||
| 300 |
_a177 pages : _c20 cm |
||
| 520 | _aBilly Pilgrim returns home from the Second World War only to be kidnapped by aliens from the planet Tralfamadore, who teach him that time is an eternal present. | ||
| 650 |
_aAmerican literature _vAnti-war |
||
| 650 |
_aScience fiction _vWWII |
||
| 942 |
_2ddc _cBK _n0 |
||
| 999 |
_c9597 _d9597 |
||